000 00701nam a2200229 a 4500
001 13467
003 BD-JhCC
005 20231008103236.0
008 231005b20182021bg |||| ||a| 000 0 ben d
020 _a9789848254158
035 _a(BD-JhCC)13467
040 _aBD-JhCC
_dBD-JhCC
041 _aBengali
082 _a297.12
_bRUM 2021
100 _aরুমী ,মাসুদা সুলতানা
245 _aবাতিঘর /
_cমাসুদা সুলতানা রুমী।
260 _aঢাকা;
_bগার্ডিয়ান পাবলিকেশনস;
_c২০২১.
300 _a172 p. :
_c22 cm.
650 _aIslamic
942 _2ddc
_cBK
999 _c13467
_d13467